[Event "Turkey Cup 2020"]
[Site "Antalya-Belek"]
[Date "2020.01.30"]
[Round "7.27"]
[White "Gunduz, Umut Erdem"]
[Black "Yarar, Bora"]
[Result "1/2-1/2"]
[WhiteElo "2193"]
[BlackElo "1871"]
[Annotator "RC"]
[PlyCount "153"]
[EventDate "2020.01.26"]
[EventType "swiss"]
[EventCountry "TUR"]
[SourceTitle "playchess.com"]
[Source "ChessBase"]
[SourceQuality "1"]

1. d4 Nf6 2. Nc3 c5 3. d5 d6 4. e4 g6 5. h3 Bg7 6. Nf3 O-O 7. Bc4 b5 8. Bxb5 Nxe4 9. Nxe4 Qa5+ 10. Nc3 Bxc3+ 11. bxc3 Qxb5 12. Nd2 c4 13. Ne4 Bb7 14. Bh6 Re8 15. Qd4 f6 16. Rd1 Nd7 17. a4 Qxa4 18. O-O Nb6 19. Rb1 Rab8 20. Rfe1 Qd7 21. g4 Nxd5 22. g5 Qc6 23. Rbd1 Rbc8 24. Kf1 Qb6 25. gxf6 Qxd4 26. Rxd4 Nxf6 27. Nxf6+ exf6 28. Rxe8+ Rxe8 29. Rxd6 f5 30. Rd7 Be4 31. Rg7+ Kh8 32. Rxa7 Bxc2 33. Bg7+ Kg8 34. Bd4 Bd3+ 35. Kg2 Re6 36. Rg7+ Kf8 37. Rxh7 Rc6 38. h4 Be2 39. Kg3 Bh5 40. Kf4 Ke8 41. Kg5 Kf8 42. Be5 Ke8 43. Kf4 Kf8 44. Kg5 Ke8 45. Rxh5 gxh5 46. Kxf5 Kf7 47. Kg5 Ke6 48. f4 Ra6 49. Kg6 Rb6 50. Bd4 Rb5 51. Be5 Rb6 52. Bf6 Rb5 53. Bg5 Ra5 54. Bf6 Rb5 55. Bg7 Ra5 56. Bh8 Rb5 57. Bd4 Ra5 58. Bf6 Rb5 59. Be5 Rb6 60. Kg5 Ra6 61. Bc7 Ra3 62. Be5 Ra6 63. Bc7 Ra3 64. Be5 Ra6 65. Bd4 Ra5+ 66. Kg6 Rb5 67. Be5 Rb6 68. Bf6 Rb5 69. Bg7 Ra5 70. Bh8 Rb5 71. Bg7 Ra5 72. Bf6 Rb5 73. Bh8 Ra5 74. Bd4 Rb5 75. Be5 Rb6 76. Bf6 Rb5 77. Bg7 1/2-1/2

[Event "Turkey Cup 2020"]
[Site "Antalya-Belek"]
[Date "2020.01.30"]
[Round "7.28"]
[White "Sar, Can"]
[Black "Baylav, Can"]
[Result "1-0"]
[WhiteElo "1891"]
[BlackElo "2176"]
[Annotator "RC"]
[PlyCount "77"]
[EventDate "2020.01.26"]
[EventType "swiss"]
[EventCountry "TUR"]
[SourceTitle "playchess.com"]
[Source "ChessBase"]
[SourceQuality "1"]

1. d4 Nf6 2. c4 b6 3. Nc3 Bb7 4. Nf3 e6 5. Bf4 Bb4 6. Qb3 Bxc3+ 7. Qxc3 Ne4 8. Qc2 d6 9. Nd2 f5 10. f3 Nxd2 11. Bxd2 O-O 12. O-O-O b5 13. e3 Qe7 14. Kb1 bxc4 15. Bxc4 d5 16. Bd3 Rc8 17. g4 c5 18. dxc5 Rxc5 19. Bc3 Nc6 20. gxf5 e5 21. f6 gxf6 22. Rhg1+ Kh8 23. Qf2 Rxc3 24. bxc3 e4 25. fxe4 dxe4 26. Bc4 Rb8 27. Qg3 Qf8 28. Bb3 Ne5 29. Rd6 h6 30. Qf4 Bd5 31. Rxf6 Nf7 32. Kc2 Bxb3+ 33. axb3 Rb7 34. Rfg6 Rb6 35. Rxb6 axb6 36. Qf6+ Kh7 37. Qg6+ Kh8 38. Rf1 Qg7 39. Qxf7 1-0

[Event "Turkey Cup 2020"]
[Site "Antalya-Belek"]
[Date "2020.01.30"]
[Round "7.29"]
[White "Demirbag, Alihan"]
[Black "Tum, Hakan"]
[Result "1-0"]
[WhiteElo "2104"]
[BlackElo "1852"]
[Annotator "RC"]
[PlyCount "56"]
[EventDate "2020.01.26"]
[EventType "swiss"]
[EventCountry "TUR"]
[SourceTitle "playchess.com"]
[Source "ChessBase"]
[SourceQuality "1"]

1. e4 d5 2. exd5 Qxd5 3. Nc3 Qa5 4. d4 Nf6 5. Bd2 c6 6. Bc4 Bf5 7. Nf3 e6 8. Qe2 Qc7 9. Ne5 Nbd7 10. f4 Bd6 11. O-O-O Nb6 12. Bd3 Bxd3 13. Qxd3 O-O-O 14. Ne4 Nxe4 15. Qxe4 c5 16. dxc5 Bxc5 17. Ba5 Bd6 18. Nd3 Qc4 19. Qxc4+ Nxc4 20. Bxd8 Rxd8 21. Rhe1 Bc7 22. b3 Nd6 23. Ne5 Ba5 24. Re3 Kc7 25. Red3 b5 26. c4 Bb4 27. cxb5 Rc8 28. Kb2 f6 1-0

[Event "Turkey Cup 2020"]
[Site "Antalya-Belek"]
[Date "2020.01.30"]
[Round "7.30"]
[White "Yarar, Muammer Atakan"]
[Black "Gulbeyaz, Emir"]
[Result "1-0"]
[WhiteElo "1812"]
[BlackElo "2121"]
[Annotator "RC"]
[PlyCount "83"]
[EventDate "2020.01.26"]
[EventType "swiss"]
[EventCountry "TUR"]
[SourceTitle "playchess.com"]
[Source "ChessBase"]
[SourceQuality "1"]

1. d4 d6 2. Nc3 g6 3. e4 Bg7 4. Be3 a6 5. a4 b6 6. f3 Nd7 7. Qd2 Bb7 8. Bc4 c5 9. Nge2 cxd4 10. Bxd4 Ngf6 11. Bd5 Qc7 12. O-O O-O 13. Bxb7 Qxb7 14. Ng3 Rfc8 15. Rfe1 b5 16. axb5 axb5 17. b4 Nb6 18. Nge2 e5 19. Bxb6 Qxb6+ 20. Kh1 Rxa1 21. Rxa1 Qf2 22. Qxd6 g5 23. h3 h5 24. Qxe5 Nh7 25. Qf5 Rxc3 26. Nxc3 Bxc3 27. Qc8+ Nf8 28. Qxc3 g4 29. fxg4 hxg4 30. hxg4 Ng6 31. Ra8+ Kh7 32. Qf3 Qe1+ 33. Kh2 Kg7 34. Ra3 Qc1 35. Qe3 Qd1 36. Qc3+ Kh7 37. Qf6 Qd7 38. e5 Qc7 39. Rg3 Qc4 40. e6 Qxe6 41. Qxe6 fxe6 42. Rc3 1-0

[Event "Turkey Cup 2020"]
[Site "Antalya-Belek"]
[Date "2020.01.30"]
[Round "7.31"]
[White "Buke, Furkan"]
[Black "Kalemler, Kaan"]
[Result "1/2-1/2"]
[WhiteElo "2041"]
[BlackElo "1841"]
[Annotator "NA RC"]
[PlyCount "57"]
[EventDate "2020.01.26"]
[EventType "swiss"]
[EventCountry "TUR"]
[SourceTitle "playchess.com"]
[Source "ChessBase"]
[SourceQuality "1"]

1. e4 c5 2. Nf3 d6 3. d4 cxd4 4. Nxd4 Nf6 5. Nc3 a6 6. Be3 e6 7. g4 b5 8. g5 Nfd7 9. f4 Bb7 10. Bg2 Nb6 11. Qe2 N8d7 12. f5 e5 13. Nb3 Nc4 14. O-O-O Be7 15. h4 Qc7 16. Bf2 Ndb6 17. Bxb6 Qxb6 18. Rh3 h6 19. f6 gxf6 20. gxf6 Bxf6 21. Rf1 Be7 22. Qh5 O-O-O 23. Qxf7 Rd7 24. Nd5 Qd8 25. Qf2 Bxd5 26. exd5 Rg8 27. Be4 Kb8 28. Rfh1 Rc7 29. Kb1 1/2-1/2

[Event "Turkey Cup 2020"]
[Site "Antalya-Belek"]
[Date "2020.01.30"]
[Round "7.32"]
[White "Demircin, Kasim"]
[Black "Kazik, Oguz Kagan"]
[Result "1-0"]
[WhiteElo "1915"]
[BlackElo "1888"]
[Annotator "NA RC"]
[PlyCount "219"]
[EventDate "2020.01.26"]
[EventType "swiss"]
[EventCountry "TUR"]
[SourceTitle "playchess.com"]
[Source "ChessBase"]
[SourceQuality "1"]

1. Nf3 Nf6 2. g3 b6 3. Bg2 Bb7 4. O-O e6 5. c4 c5 6. Nc3 Be7 7. d4 cxd4 8. Nb5 O-O 9. Nbxd4 a6 10. h3 Qc7 11. b3 d6 12. Be3 Nc6 13. Nxc6 Qxc6 14. Bd4 Rfd8 15. Qd2 b5 16. Rac1 Qd7 17. Rfd1 bxc4 18. Rxc4 Bd5 19. Ra4 Rdc8 20. Bxf6 Bxf6 21. e4 Bc6 22. e5 Bd8 23. Rg4 h5 24. Rc4 d5 25. Rc2 Bb7 26. Nd4 Rxc2 27. Qxc2 Rc8 28. Qe2 h4 29. gxh4 Bxh4 30. Qh5 Be7 31. h4 Qd8 32. Bh3 g6 33. Qg4 Bxh4 34. Nxe6 Qe7 35. Nd4 Re8 36. Nf5 Bxf2+ 37. Kxf2 Qxe5 38. Nd4 Bc8 39. Qf3 Qh2+ 40. Bg2 Re4 41. Qg3 Rf4+ 42. Nf3 Qxg3+ 43. Kxg3 Rg4+ 44. Kf2 Be6 45. Rd4 Kf8 46. Rxg4 Bxg4 47. Ne5 Be6 48. Ke3 Ke7 49. Kd4 Kd6 50. b4 g5 51. a4 f6 52. Nd3 Bd7 53. Nc5 Bc6 54. Bh3 Be8 55. Bf5 Bc6 56. Be6 Bxa4 57. Bxd5 Bb5 58. Be4 Kc7 59. Bf5 Kc6 60. Nd7 Bf1 61. Nxf6 Kb5 62. Nd5 a5 63. Bd7+ Ka6 64. b5+ Bxb5 65. Nc7+ Kb6 66. Nxb5 g4 67. Kc4 g3 68. Bh3 Kc6 69. Bg2+ Kd7 70. Nd4 Kd6 71. Nf5+ Ke5 72. Nxg3 Kf4 73. Ne4 Ke5 74. Kb5 Kd4 75. Kxa5 Ke5 76. Kb4 Kd4 77. Kb3 Kd3 78. Nc5+ Kd4 79. Kb4 Ke5 80. Kc4 Kf4 81. Kd4 Kf5 82. Nd3 Ke6 83. Bh3+ Kd6 84. Nb4 Ke7 85. Ke5 Ke8 86. Ke6 Kf8 87. Nd5 Kg7 88. Ne7 Kh7 89. Kf6 Kh8 90. Be6 Kh7 91. Ng6 Kh6 92. Bg8 Kh5 93. Ne5 Kh4 94. Kf5 Kg3 95. Bc4 Kh4 96. Be2 Kg3 97. Bf3 Kf2 98. Kf4 Ke1 99. Ke3 Kf1 100. Ng4 Ke1 101. Nf2 Kf1 102. Nd3 Kg1 103. Kf4 Kh2 104. Kg4 Kg1 105. Kg3 Kf1 106. Bd1 Kg1 107. Be2 Kh1 108. Nf2+ Kg1 109. Nh3+ Kh1 110. Bf3# 1-0

[Event "Turkey Cup 2020"]
[Site "Antalya-Belek"]
[Date "2020.01.30"]
[Round "7.33"]
[White "Uzuner, Tufan Can"]
[Black "Okus, Melih"]
[Result "0-1"]
[WhiteElo "1939"]
[BlackElo "1933"]
[Annotator "NA RC"]
[PlyCount "62"]
[EventDate "2020.01.26"]
[EventType "swiss"]
[EventCountry "TUR"]
[SourceTitle "playchess.com"]
[Source "ChessBase"]
[SourceQuality "1"]

1. d4 e6 2. Nf3 f5 3. g3 Nf6 4. Bg2 d5 5. c4 c6 6. O-O Bd6 7. b3 Qe7 8. Bb2 O-O 9. Nbd2 Ne4 10. Ne5 b6 11. Nxe4 fxe4 12. f3 Bxe5 13. dxe5 dxc4 14. f4 cxb3 15. axb3 c5 16. Bxe4 Bb7 17. Bxb7 Qxb7 18. Qd6 Qd5 19. Qxd5 exd5 20. f5 Nc6 21. g4 d4 22. e6 Ne7 23. b4 Nd5 24. bxc5 bxc5 25. Ra5 Ne3 26. Rxc5 Nxf1 27. Bxd4 Rfd8 28. Be5 Ne3 29. Bf4 Nxg4 30. Rc7 Nf6 31. e7 Rd7 0-1

[Event "Turkey Cup 2020"]
[Site "Antalya-Belek"]
[Date "2020.01.30"]
[Round "7.34"]
[White "Can, Furkan"]
[Black "Muftuoglu, Musa Emin"]
[Result "1-0"]
[WhiteElo "1980"]
[BlackElo "1834"]
[Annotator "NA RC"]
[PlyCount "87"]
[EventDate "2020.01.26"]
[EventType "swiss"]
[EventCountry "TUR"]
[SourceTitle "playchess.com"]
[Source "ChessBase"]
[SourceQuality "1"]

1. d4 e6 2. Nf3 f5 3. g3 Nf6 4. Bg2 Be7 5. O-O O-O 6. c4 d6 7. Nc3 a5 8. Re1 Ne4 9. Nxe4 fxe4 10. Nd2 d5 11. cxd5 exd5 12. f3 exf3 13. Nxf3 c5 14. dxc5 Bxc5+ 15. Kh1 Nc6 16. Ng5 Rf5 17. Rf1 Rxg5 18. Bxg5 Qxg5 19. Rc1 d4 20. Qb3+ Kh8 21. Qb5 Bg4 22. Rxc5 Qe7 23. Bf3 Rf8 24. Rcc1 Bh3 25. Rfd1 Qe3 26. Qh5 Bf5 27. Qh4 d3 28. Qf4 Qe7 29. exd3 Bxd3 30. Re1 Qd8 31. Qe3 Bg6 32. Bg2 h6 33. Rcd1 Qc7 34. Qe6 Rf6 35. Qd5 Qb6 36. b3 Rf2 37. Rd2 Rf5 38. Qd7 Re5 39. Rxe5 Nxe5 40. Qd8+ Qxd8 41. Rxd8+ Kh7 42. Bxb7 Nf7 43. Ra8 Nd6 44. Bg2 1-0

[Event "Turkey Cup 2020"]
[Site "Antalya-Belek"]
[Date "2020.01.30"]
[Round "7.35"]
[White "Canbulan, Arda"]
[Black "Ibik, Halit Yavuz"]
[Result "1/2-1/2"]
[WhiteElo "1840"]
[BlackElo "1952"]
[Annotator "NA RC"]
[PlyCount "99"]
[EventDate "2020.01.26"]
[EventType "swiss"]
[EventCountry "TUR"]
[SourceTitle "playchess.com"]
[Source "ChessBase"]
[SourceQuality "1"]

1. e4 c5 2. Nf3 d6 3. d4 cxd4 4. Nxd4 Nf6 5. Nc3 a6 6. a3 e6 7. g4 b5 8. g5 Nfd7 9. Bg2 Bb7 10. Be3 Be7 11. h4 Qc7 12. f4 Nb6 13. Qh5 g6 14. Qe2 Nc4 15. Bc1 h5 16. Rh3 e5 17. Nb3 exf4 18. Bxf4 Nd7 19. O-O-O Ndb6 20. e5 dxe5 21. Bxb7 Qxb7 22. Bxe5 O-O 23. Bd4 Rfe8 24. Qf2 Rad8 25. Rf1 Bd6 26. Rf3 Rd7 27. Rf6 Nd5 28. Rxd6 Rxd6 29. Nc5 Qe7 30. N3e4 Rc6 31. Re1 Qc7 32. Re2 Rc8 33. Qe1 Qf4+ 34. Kb1 Ncb6 35. Nd3 Qc7 36. c3 Re6 37. Ndc5 Rc6 38. Nxa6 Qd7 39. Nb4 Nxb4 40. axb4 Nd5 41. Nc5 Qf5+ 42. Ka2 Ra8+ 43. Kb3 Nc7 44. Re5 Qf3 45. Ne4 Re6 46. Nf6+ Kf8 47. Nd7+ Kg8 48. Nf6+ Kf8 49. Nd7+ Kg8 50. Nf6+ 1/2-1/2

[Event "Turkey Cup 2020"]
[Site "Antalya-Belek"]
[Date "2020.01.30"]
[Round "7.36"]
[White "Keser, Murat"]
[Black "Demirbas, Emre"]
[Result "0-1"]
[WhiteElo "1847"]
[BlackElo "1944"]
[Annotator "NA RC"]
[PlyCount "148"]
[EventDate "2020.01.26"]
[EventType "swiss"]
[EventCountry "TUR"]
[SourceTitle "playchess.com"]
[Source "ChessBase"]
[SourceQuality "1"]

1. e4 c5 2. c3 Nf6 3. e5 Nd5 4. d4 cxd4 5. cxd4 d6 6. Nf3 Nc6 7. exd6 e6 8. Nc3 Bxd6 9. Bd3 O-O 10. O-O h6 11. Re1 Re8 12. Bc2 Ncb4 13. Bb1 b6 14. a3 Nxc3 15. bxc3 Nd5 16. Qd3 Nf6 17. Bb2 Qc7 18. Ba2 Bb7 19. Rad1 Bxf3 20. Qxf3 Bxh2+ 21. Kf1 Bd6 22. c4 Rad8 23. g3 a6 24. Kg2 b5 25. c5 Be7 26. Rh1 Nd5 27. Bc1 Bf8 28. Bb1 Qe7 29. Qd3 f5 30. g4 g6 31. Ba2 Qf6 32. Bxd5 Rxd5 33. Bxh6 fxg4 34. Qe3 Rf5 35. d5 Rf3 36. Qe2 Bxc5 37. Rdf1 Kf7 38. Bc1 Kg8 39. Bb2 e5 40. Qc2 Bb6 41. Rh6 Kg7 42. Rhh1 Rf8 43. Bc1 Rh3 44. Rxh3 gxh3+ 45. Kh2 Qf3 46. Rg1 Qxf2+ 47. Qxf2 Rxf2+ 48. Kxh3 Rf3+ 49. Kg2 Rd3 50. Re1 Rxd5 51. Kf3 Kf6 52. Rh1 Bc5 53. Rf1 Ke6 54. Kg4 Rd3 55. a4 bxa4 56. Bg5 Be7 57. Bc1 a3 58. Re1 Kd5 59. Re2 Rd4+ 60. Kg3 Kc4 61. Kg2 e4 62. Be3 Rd3 63. Bf4 Kd4 64. Bh6 Rb3 65. Bg7+ Kd3 66. Re1 e3 67. Bh6 Kd2 68. Ra1 Bf6 69. Ra2+ Bb2 70. Bg5 Kc2 71. Kf3 Kb1 72. Ke2 Kxa2 73. Kd1 Kb1 74. Bf4 a2 0-1

[Event "Turkey Cup 2020"]
[Site "Antalya-Belek"]
[Date "2020.01.30"]
[Round "7.37"]
[White "Erdogmus, Yagiz Kaan"]
[Black "Kilic, Gokturk Kagan"]
[Result "1/2-1/2"]
[WhiteElo "1866"]
[BlackElo "1923"]
[Annotator "NA RC"]
[PlyCount "61"]
[EventDate "2020.01.26"]
[EventType "swiss"]
[EventCountry "TUR"]
[SourceTitle "playchess.com"]
[Source "ChessBase"]
[SourceQuality "1"]

1. e4 e5 2. Nf3 Nc6 3. Bb5 a6 4. Ba4 d6 5. c3 Bd7 6. O-O g6 7. h3 Bg7 8. d4 Nf6 9. Re1 O-O 10. Nbd2 Nh5 11. Nf1 h6 12. Kh2 Qe8 13. g4 Nf6 14. dxe5 Nxe5 15. Bxd7 Nfxd7 16. Ne3 c6 17. Nxe5 dxe5 18. b3 Qe6 19. Ba3 Rfd8 20. Qf3 Bf8 21. Bxf8 Nxf8 22. Rad1 Qe7 23. Qg3 b5 24. h4 Qf6 25. g5 hxg5 26. hxg5 Qf4 27. Ng2 Qxg3+ 28. Kxg3 Ne6 29. Kg4 Nc5 30. Kf3 Ne6 31. Kg4 1/2-1/2

[Event "Turkey Cup 2020"]
[Site "Antalya-Belek"]
[Date "2020.01.30"]
[Round "7.38"]
[White "Temizer, Umut"]
[Black "Ozalp, Burak"]
[Result "1/2-1/2"]
[WhiteElo "1927"]
[BlackElo "1897"]
[Annotator "NA RC"]
[PlyCount "137"]
[EventDate "2020.01.26"]
[EventType "swiss"]
[EventCountry "TUR"]
[SourceTitle "playchess.com"]
[Source "ChessBase"]
[SourceQuality "1"]

1. e4 e6 2. Qe2 c5 3. g3 Nc6 4. Nf3 d5 5. exd5 Qxd5 6. Nc3 Qd7 7. Bg2 Nf6 8. O-O Be7 9. Rd1 Nd4 10. Nxd4 cxd4 11. Ne4 O-O 12. d3 Rd8 13. c4 Qc7 14. Bd2 Bd7 15. b4 Bc6 16. b5 Bxe4 17. Bxe4 Nxe4 18. Qxe4 Rd7 19. a4 Re8 20. f4 Qc5 21. Re1 g6 22. Ra2 Qf5 23. Qf3 h5 24. Rc2 b6 25. a5 Bc5 26. Kg2 e5 27. axb6 axb6 28. Ra2 Rde7 29. fxe5 Qxf3+ 30. Kxf3 Rxe5 31. Rxe5 Rxe5 32. Ra1 Kg7 33. Bf4 Re6 34. h3 Kf6 35. g4 g5 36. Bd2 hxg4+ 37. hxg4 Kg6 38. Ra8 f6 39. Rc8 Re7 40. Rc6 Rh7 41. Ba5 Rh3+ 42. Kg2 Rxd3 43. Bxb6 Bxb6 44. Rxb6 Rc3 45. Rc6 d3 46. Kf2 Kf7 47. c5 f5 48. b6 fxg4 49. b7 g3+ 50. Kg2 Rb3 51. Rb6 Rxb6 52. cxb6 d2 53. b8=Q d1=Q 54. Qc7+ Ke6 55. Qc6+ Qd6 56. Qc8+ Ke7 57. b7 Qd2+ 58. Kxg3 Qf4+ 59. Kg2 Qd2+ 60. Kf3 Qf4+ 61. Ke2 Qe4+ 62. Kd2 Qd4+ 63. Kc2 Qa4+ 64. Kc3 Qa1+ 65. Kc4 Qa6+ 66. Kb4 Qb6+ 67. Kc4 Qa6+ 68. Kc5 Qa5+ 69. Kd4 1/2-1/2

[Event "Turkey Cup 2020"]
[Site "Antalya-Belek"]
[Date "2020.01.30"]
[Round "7.40"]
[White "Isik, Can"]
[Black "Kirali, Mehmet"]
[Result "1-0"]
[WhiteElo "1710"]
[BlackElo "1890"]
[Annotator "NA RC"]
[PlyCount "123"]
[EventDate "2020.01.26"]
[EventType "swiss"]
[EventCountry "TUR"]
[SourceTitle "playchess.com"]
[Source "ChessBase"]
[SourceQuality "1"]

1. e4 Nc6 2. Nc3 e5 3. Nf3 Bc5 4. Nxe5 Nxe5 5. d4 Bd6 6. dxe5 Bxe5 7. Be2 d6 8. f4 Bxc3+ 9. bxc3 Nf6 10. Bf3 O-O 11. O-O Re8 12. Re1 h6 13. Bb2 Bd7 14. c4 Bc6 15. Qd4 Re7 16. Re2 Qf8 17. Rae1 Rae8 18. g4 Nd7 19. h4 f6 20. Ba3 b6 21. Rg2 Nc5 22. Bxc5 dxc5 23. Qe3 Qf7 24. g5 Rxe4 25. Bxe4 Rxe4 26. Qxe4 Bxe4 27. Rxe4 hxg5 28. hxg5 f5 29. g6 Qd7 30. Re5 Qd1+ 31. Kh2 Qh5+ 32. Kg1 Qd1+ 33. Kf2 Kf8 34. Rxf5+ Ke7 35. Rf7+ Kd6 36. Kg3 Qe1+ 37. Kg4 Qc3 38. Re2 Qxc4 39. Ree7 Qxc2 40. Rd7+ Kc6 41. Rxc7+ Kd5 42. Rcd7+ Kc6 43. Rxg7 c4 44. Rc7+ Kd6 45. Rgd7+ Ke6 46. Re7+ Kf6 47. Rf7+ Ke6 48. f5+ Kd6 49. Rcd7+ Kc6 50. g7 Qe4+ 51. Kh5 Qf3+ 52. Kg6 Qg4+ 53. Kh7 Qh5+ 54. Kg8 Kb5 55. Kf8 Qh6 56. Rde7 c3 57. Re6 Qd2 58. g8=Q c2 59. Re5+ Ka6 60. Rxa7+ Kxa7 61. Qf7+ Ka6 62. Qc4+ 1-0

[Event "Turkey Cup 2020"]
[Site "Antalya-Belek"]
[Date "2020.01.30"]
[Round "7.42"]
[White "Hatipli, Mehmet"]
[Black "Hatipoglu, Metin"]
[Result "1/2-1/2"]
[WhiteElo "1873"]
[BlackElo "1570"]
[Annotator "NA RC"]
[PlyCount "23"]
[EventDate "2020.01.26"]
[EventType "swiss"]
[EventCountry "TUR"]
[SourceTitle "playchess.com"]
[Source "ChessBase"]
[SourceQuality "1"]

1. e4 e5 2. Nf3 Nc6 3. Bc4 Bc5 4. O-O Nf6 5. d3 d6 6. c3 O-O 7. Bg5 a6 8. a4 h6 9. Bh4 Qe7 10. Nbd2 Be6 11. Re1 Bxc4 12. Nxc4 1/2-1/2

[Event "Turkey Cup 2020"]
[Site "Antalya-Belek"]
[Date "2020.01.30"]
[Round "7.43"]
[White "Hasanoglu, Hakan"]
[Black "Caner, Resul"]
[Result "1/2-1/2"]
[WhiteElo "1554"]
[BlackElo "1932"]
[Annotator "NA RC"]
[PlyCount "65"]
[EventDate "2020.01.26"]
[EventType "swiss"]
[EventCountry "TUR"]
[SourceTitle "playchess.com"]
[Source "ChessBase"]
[SourceQuality "1"]

1. d4 d5 2. c4 c6 3. cxd5 cxd5 4. Nf3 Nf6 5. Nc3 Nc6 6. Bf4 a6 7. Rc1 Bf5 8. e3 e6 9. Qb3 Na5 10. Qa4+ Nc6 11. Ne5 Qc8 12. Be2 Be7 13. O-O O-O 14. Nd1 Ne4 15. Nxc6 bxc6 16. Qxc6 Nd2 17. Re1 Bb4 18. Qxc8 Rfxc8 19. Rxc8+ Rxc8 20. Nc3 Bxc3 21. bxc3 Rxc3 22. Bxa6 Ra3 23. Be2 Rxa2 24. f3 h6 25. h4 h5 26. Rd1 Nb1 27. Bd3 Bxd3 28. Rxd3 Na3 29. e4 Nc4 30. exd5 exd5 31. Rb3 Rb2 32. Rxb2 Nxb2 33. g4 1/2-1/2

[Event "Turkey Cup 2020"]
[Site "Antalya-Belek"]
[Date "2020.01.30"]
[Round "7.44"]
[White "Ozcan, Ilker"]
[Black "Unat, Can Haktan"]
[Result "1-0"]
[WhiteElo "1858"]
[BlackElo "2257"]
[Annotator "RC"]
[PlyCount "127"]
[EventDate "2020.01.26"]
[EventType "swiss"]
[EventCountry "TUR"]
[SourceTitle "playchess.com"]
[Source "ChessBase"]
[SourceQuality "1"]

1. e4 e5 2. Nf3 Nc6 3. Bb5 a6 4. Ba4 Nf6 5. Nc3 Bc5 6. O-O Qe7 7. d3 h6 8. Be3 O-O 9. Qd2 Bxe3 10. fxe3 d6 11. Rae1 Be6 12. Bb3 Rad8 13. Qf2 Na5 14. Bxe6 fxe6 15. Qg3 Kh7 16. Qh3 Nd7 17. d4 b5 18. b3 Kg8 19. Qg3 b4 20. Nb1 Nf6 21. Nbd2 Nc6 22. Qh3 Qe8 23. Rf2 Rd7 24. Ref1 exd4 25. Nxd4 Nd8 26. Nc4 c5 27. Ne2 Nf7 28. Ng3 Qe7 29. Qh4 Nh7 30. Qg4 Nd8 31. Rxf8+ Nxf8 32. h4 Nc6 33. Nh5 Kh7 34. Nf4 Rd8 35. Rd1 Qf6 36. Nh5 Qe7 37. Nf4 Qf6 38. Nh5 Qe7 39. Nf4 g5 40. hxg5 Qxg5 41. Qf3 Qf6 42. Rxd6 Ne5 43. Qd1 Nxc4 44. bxc4 Re8 45. Rxa6 Qg5 46. Ra7+ Kh8 47. Qh5 Rd8 48. Qxg5 hxg5 49. Nd3 Ng6 50. Ra5 Kh7 51. Rxc5 Ra8 52. Nxb4 g4 53. Kf2 Ra3 54. g3 Kg7 55. Rb5 Kf6 56. c5 Ne5 57. c6 Rc3 58. Rb6 Nc4 59. Ra6 Nxe3 60. c7 Kg5 61. Rc6 Nd1+ 62. Ke2 Rxc6 63. Nxc6 Nc3+ 64. Ke1 1-0

[Event "Turkey Cup 2020"]
[Site "Antalya-Belek"]
[Date "2020.01.30"]
[Round "7.45"]
[White "Sarac, Mehmet Ali"]
[Black "Ozkan, Ervin"]
[Result "0-1"]
[WhiteElo "1804"]
[BlackElo "2185"]
[Annotator "RC"]
[PlyCount "80"]
[EventDate "2020.01.26"]
[EventType "swiss"]
[EventCountry "TUR"]
[SourceTitle "playchess.com"]
[Source "ChessBase"]
[SourceQuality "1"]

1. d4 d5 2. Bf4 Nf6 3. e3 c5 4. c3 Nc6 5. Nd2 Bf5 6. Qb3 Qd7 7. Bb5 a6 8. Bxc6 Qxc6 9. Ngf3 e6 10. Ne5 Qc8 11. O-O c4 12. Qd1 Bd6 13. Ndf3 O-O 14. h3 Qc7 15. g4 Be4 16. Ng5 h6 17. Nxe4 Nxe4 18. f3 Nf6 19. Qe2 Rfe8 20. Qh2 Nh7 21. h4 g5 22. hxg5 hxg5 23. Kg2 gxf4 24. exf4 f6 25. Ng6 Qg7 26. Qh5 Nf8 27. Nxf8 Kxf8 28. Rh1 Ke7 29. Rae1 Kd7 30. f5 e5 31. dxe5 Bxe5 32. Qh7 Re7 33. Qh5 Rae8 34. Rd1 Bd6 35. Qg6 Re2+ 36. Kf1 Qxg6 37. fxg6 Bc5 38. Rxd5+ Kc6 39. Rhh5 Rf2+ 40. Kg1 Re1# 0-1

[Event "Turkey Cup 2020"]
[Site "Antalya-Belek"]
[Date "2020.01.30"]
[Round "7.46"]
[White "Altun, Arda"]
[Black "Kisadere, Kutay"]
[Result "0-1"]
[WhiteElo "2200"]
[BlackElo "1831"]
[Annotator "RC"]
[PlyCount "34"]
[EventDate "2020.01.26"]
[EventType "swiss"]
[EventCountry "TUR"]
[SourceTitle "playchess.com"]
[Source "ChessBase"]
[SourceQuality "1"]

1. e4 c5 2. Nf3 Nc6 3. Bb5 e6 4. Bxc6 bxc6 5. d3 Ne7 6. h4 h5 7. Qe2 Ng6 8. e5 d6 9. exd6 Qxd6 10. Nc3 f6 11. Ne4 Qc7 12. O-O e5 13. Be3 Bg4 14. Bxc5 Nxh4 15. d4 Qd7 16. Ned2 Bxc5 17. dxc5 Bxf3 0-1

[Event "Turkey Cup 2020"]
[Site "Antalya-Belek"]
[Date "2020.01.30"]
[Round "7.47"]
[White "Usun, Tolga"]
[Black "Demirci, Fatih"]
[Result "1-0"]
[WhiteElo "2021"]
[BlackElo "1749"]
[Annotator "NA RC"]
[PlyCount "77"]
[EventDate "2020.01.26"]
[EventType "swiss"]
[EventCountry "TUR"]
[SourceTitle "playchess.com"]
[Source "ChessBase"]
[SourceQuality "1"]

1. e4 d6 2. Nc3 Nf6 3. g3 g6 4. Bg2 Bg7 5. d4 O-O 6. Nf3 c5 7. O-O cxd4 8. Nxd4 Nc6 9. Nb3 Bd7 10. h3 Rc8 11. a4 Ne5 12. a5 Nc4 13. a6 b5 14. Ra2 Qb6 15. Re1 e5 16. Nd2 Be6 17. Nd5 Bxd5 18. exd5 Nd7 19. Ne4 f5 20. Ng5 f4 21. g4 f3 22. Bxf3 e4 23. Nxe4 Rxf3 24. Qxf3 Rf8 25. Qg3 Nde5 26. Bf4 Qd4 27. c3 Qxd5 28. b3 Nb6 29. Rd2 Qxb3 30. Rxd6 Nbc4 31. Rd5 Nc6 32. g5 Nb6 33. Rd6 Nd8 34. Nf6+ Bxf6 35. Rxf6 Nf7 36. Bd6 Rc8 37. Re7 Rf8 38. Rfxf7 Qd1+ 39. Kh2 1-0

[Event "Turkey Cup 2020"]
[Site "Antalya-Belek"]
[Date "2020.01.30"]
[Round "7.48"]
[White "Aydogdu, Cagatay"]
[Black "Alexanian, Nelli"]
[Result "1-0"]
[WhiteElo "1803"]
[BlackElo "2012"]
[Annotator "NA RC"]
[PlyCount "127"]
[EventDate "2020.01.26"]
[EventType "swiss"]
[EventCountry "TUR"]
[SourceTitle "playchess.com"]
[Source "ChessBase"]
[SourceQuality "1"]

1. Nf3 e6 2. c4 f5 3. b3 Nf6 4. Bb2 d5 5. e3 Be7 6. Nc3 O-O 7. cxd5 exd5 8. d4 c6 9. Bd3 Ne4 10. O-O Nd7 11. Ne2 Bd6 12. Ne5 Qe7 13. f3 Nef6 14. f4 Ne4 15. Rf3 Ndf6 16. Qe1 Bd7 17. Qh4 Be8 18. Rh3 Bh5 19. Ng3 Bg4 20. Nxe4 fxe4 21. Nxg4 exd3 22. Ne5 d2 23. Rd1 Bb4 24. g4 g6 25. f5 Ne4 26. Nxg6 hxg6 27. Qh8+ Kf7 28. Rh7+ Ke8 29. Rxe7+ Bxe7 30. Qe5 Kd8 31. fxg6 Kd7 32. g7 Rf7 33. Qh5 Rxg7 34. Qf5+ Ke8 35. Qe6 Ng5 36. Qh6 Rf7 37. Kg2 Ne4 38. Qh5 a5 39. Rf1 Nf6 40. Qg6 Kf8 41. Bc3 Rg7 42. Rxf6+ Kg8 43. Bxd2 Rxg6 44. Rxg6+ Kf7 45. Rh6 Kg7 46. Rh3 a4 47. b4 a3 48. e4 dxe4 49. Rb3 Rd8 50. Rxa3 Kg6 51. Be3 Bf6 52. Ra7 b5 53. Rc7 Rd6 54. Kg3 Bd8 55. Rb7 Bf6 56. h4 Bxd4 57. h5+ Kf6 58. Bxd4+ Rxd4 59. h6 Rd3+ 60. Kf4 Rh3 61. g5+ Kg6 62. Rg7+ Kh5 63. h7 Rh4+ 64. Kf5 1-0

[Event "Turkey Cup 2020"]
[Site "Antalya-Belek"]
[Date "2020.01.30"]
[Round "7.49"]
[White "Gokbulut, Julia"]
[Black "Gonullu, Muhammed Sinan"]
[Result "1/2-1/2"]
[WhiteElo "1989"]
[BlackElo "1787"]
[Annotator "NA RC"]
[PlyCount "62"]
[EventDate "2020.01.26"]
[EventType "swiss"]
[EventCountry "TUR"]
[SourceTitle "playchess.com"]
[Source "ChessBase"]
[SourceQuality "1"]

1. d4 Nf6 2. c4 c6 3. Nf3 d5 4. Qb3 g6 5. g3 Bg7 6. Bg2 O-O 7. O-O Qb6 8. Nc3 h6 9. Rd1 Nbd7 10. e3 e6 11. Bf1 Re8 12. Qc2 Qc7 13. b3 dxc4 14. Bxc4 Nb6 15. Bf1 Nbd5 16. Bb2 Nxc3 17. Bxc3 Nd5 18. Bb2 a5 19. a3 b6 20. Rac1 Ne7 21. e4 Rd8 22. Bg2 Bb7 23. a4 Rac8 24. Ba3 Rd7 25. Qe2 Rcd8 26. h4 h5 27. Bh3 Qb8 28. Ng5 Nc8 29. Qf3 Nd6 30. g4 hxg4 31. Bxg4 f5 1/2-1/2